Quick Pick: The Princess Bride Quotes Quiz Stats

Quiz Updated Oct 9, 2016

Challenge
Share
Tweet
Embed
Score 0/10 Timer 01:30
1 Play Today
% Correct
Valerie
85%
Fezzik
84.2%
Miracle Max
80.2%
Vizzini
75.8%
Inigo Montoya
75%
Count Rugen
72.5%
Westley
69.3%
The Grandson
65%
Prince Humperdinck
63.9%
Buttercup
60.1%

Today's Daily Dose

You're not logged in!

Compare scores with friends on all Sporcle quizzes.
Sign Up with Email
OR
Log In

You Might Also Like...

Show Comments

Extras

Top Quizzes Today


Score Distribution

Your Account Isn't Verified!

In order to create a playlist on Sporcle, you need to verify the email address you used during registration. Go to your Sporcle Settings to finish the process.